MARC

LEADER 00000nam0a2200000 4500
001 678967
005 20250304164606.0
090 |a 678967 
100 |a 20250304d1979 k||y0rusy50 ca 
101 0 |a rus 
102 |a RU 
105 |a y z 001yy 
181 0 |a i   |b  e  
182 0 |a n 
183 0 |a nc  |2 RDAcarrier 
200 1 |a Демографическое развитие семьи  |e сборник статей  |f Научно-исследовательский институт по проектированию вычислительных центров и систем экономической информации ЦСУ СССР, Отдел демографии ; под ред. А. Г. Волкова 
203 |a Текст  |b визуальный  |c непосредственный 
210 |a Москва  |c Статистика  |d 1979 
215 |a 192 с. 
225 1 |a Демографические исследования 
283 |a volume  |2 RDAcarrier 
320 |a Библиогр. в тесте 
606 1 |a Семья и брак  |x Демография  |y Россия  |y СССР  |9 58626 
610 1 |a демографическое развитие 
610 1 |a этническая дифференциация 
610 1 |a женщины 
610 1 |a продолжительность 
610 1 |a рождаемость 
610 1 |a репродуктивная функция 
610 1 |a история 
610 1 |a разводимость 
610 1 |a семейная перепись 
610 1 |a детность 
686 |2 rubbk  |a С73(2)-24 
702 1 |4 340  |a Волков  |b А. Г. 
712 0 1 |a СССР  |b Центральное статистическое управление  |b Научно-исследовательский институт по проектированию вычислительных центров и систем экономической информации   |c (Москва)  |c (1927-1930, 1948-1987)  |4 570  |9 25946 
801 0 |a RU  |b 63413507  |c 20250304 
830 |a Ретро2025Каталогизация Кузнецова 
850 |a 63413507 
942 |c BK